00405nam a2200133 i 4500001000300000100002900003245005100032260002100083040000800104041000800112080001200120008004100132856009800173bg1 aDAS BRAJA, M.d(1941- ). 0aFundamentals of soil dynamics /cM. Das Braja. aNew York,c1983. cBPK apol a624.131 s pl f |000 0 pol  uhttp://koha.tu.koszalin.pl/cgi-bin/koha/opac-detail.pl?biblionumber=21907yKatalog online BPK